00606nam a2200181 a 4500001001000000003000400010005001700014008004100031040002500072082001800097100005000115245011700165260004000282300002700322490002800349650001600377650003100393000012244OSt20201002100817.0091107s1972 sp 000 0 spa d aDO-SdBNPbspacBNPHU a891.73bG613a1 aGógol, Nikolái Vasílievich,d1809-1852.14aLas almas muertas : /cNikolái Vasílievich Gógol ; traductor, Irene Tchernowa.blas aventuras de Chichiko aBarcelona :bRamón Sopena,c1972. a381, [13] p. ;c18 cm.1 aBiblioteca Sopenav61/3 4aNovela rusa 4aLiteratura rusaySIGLO XIX